| 000 | 00768nam a2200253Ia 4500 | ||
|---|---|---|---|
| 003 | OSt | ||
| 005 | 20221006142953.0 | ||
| 006 | a|||||r|||| 00| 0 | ||
| 007 | ta | ||
| 008 | 221006b |||||||| |||| 00| 0 eng d | ||
| 020 | _cY1900 | ||
| 024 | _a7,672 | ||
| 037 | _cTextual | ||
| 040 |
_aEASL _cEASL _beng |
||
| 041 |
_2eng _aeng |
||
| 082 | _aV428.Y.M7, J3 | ||
| 100 |
_aHARRISON John A _9108222 |
||
| 245 | 0 |
_aJapan's northern frontier _b A Preliminary study in colonization and expansion with special reference to the relations of Japan and Russia |
|
| 260 |
_aFlorida _bUniversity of Florida Press _c1953 |
||
| 300 |
_a202p. _ccm. |
||
| 490 | _v JEL | ||
| 942 |
_hV428.Y.M7, J3 _cTEXL _2CC |
||
| 999 |
_c1075758 _d1075758 |
||